As cores do arco-íris (Record no. 157557)

MARC details
000 -LÍDER
campo de controle de tamanho fixo 00390 a2200169 4500
001 - NÚMERO DE CONTROLE
campo de controle 157557
020 ## - ISBN - INTERNATIONAL STANDARD BOOK NUMBER
ISBN - International Standard Book Number 978-85-445-0190-0
040 ## - FONTE DA CATALOGAÇÃO
Instituição que transcreveu o registro Escola São Tomás de Aquino
100 ## - ENTRADA PRINCIPAL--NOME PESSOAL
Nome pessoal Nara, Vidal
240 10 - TÍTULO UNIFORME
Título uniforme As cores do arco-íris
Idioma da obra por
245 10 - TÍTULO
Título As cores do arco-íris
300 ## - DESCRIÇÃO FÍSICA
Extensão 144
362 0# - DATAS DE PUBLICAÇÃO E/OU DESIGNAÇÃO SEQUENCIAL
Datas de publicação e/ou designação sequencial 2019
440 #1 - DECLARAÇÃO DE SÉRIE/ENTRADA ADICIONADA--TÍTULO
Título Dimensão
697 ## - ENTRADA DE ASSUNTO LOCAL--ENTIDADE COLETIVA (RLIN)
Nome corporativo ou nome da jurisdição LITERATURA BRASILEIRA
942 ## - ELEMENTOS DE ENTRADA ADICIONADOS (KOHA)
Tipo de material Koha Livros
Holdings
Situação do descarte Situação das perdas Situação física Não pode ser emprestado Biblioteca de origem Biblioteca atual Data de aquisição Total de empréstimos Número de chamada completo Código de barras Data de último acesso Data do último empréstimo Data do preço efetivo Tipo de material Koha
        ESTA - SÃO BENTO ESTA - SÃO BENTO 30/04/2024 1 B869 NAR COR EST00012575 17/06/2024 05/06/2024 30/04/2024 Livros